| 000 | 00531cam a22001692a 4500 | ||
|---|---|---|---|
| 001 | 001287 | ||
| 003 | AR-FADEU | ||
| 008 | 311216ndici####xxu####################dd | ||
| 100 | _aLavoz, Marcia, López, Mariela, Méndez, Rosa, Roga, Marina, Vogel, Silvina | ||
| 245 | _aHonrar la vida | ||
| 260 | _bUniversidad Nacional del Comahue | ||
| 260 | _aNeuquén | ||
| 260 | _cdiciembre 2004 | ||
| 440 | _aTeoría y práctica de Áreas y Recursos en Servicio Social | ||
| 650 | _aSALUD PUBLICA; CUIDADOS PALIATIVOS | ||
| 942 | _cFOLLETO | ||
| 999 |
_c1774 _d1774 |
||